| 000 | 00788cam a22002531 4500 | ||
|---|---|---|---|
| 001 | 9884025 | ||
| 003 | OSt | ||
| 005 | 20230704082951.0 | ||
| 008 | 750307s1965 ke b b 000 0 eng | ||
| 010 | _a 67002923 | ||
| 035 | _a(OCoLC)1204408 | ||
| 040 |
_aDLC _cMAH _dOCoLC _dDLC |
||
| 042 | _apremarc | ||
| 082 |
_a339.2 _bNDE |
||
| 100 | 1 | _aNdegwa, Philip. | |
| 245 | 1 | 4 | _aThe common market and development in East Africa. |
| 260 |
_a[Nairobi] _bPublished for the East African Institute of Social Research [by] East African Pub. House _c[1965] |
||
| 300 |
_a150 p. _bmap. _c22 cm. |
||
| 440 | 0 |
_aEast African studies, _vno. 22 |
|
| 504 | _aBibliographical footnotes. | ||
| 651 | 0 |
_aAfrica, East _xCommerce. |
|
| 906 |
_a7 _bcbc _coclcrpl _du _encip _f19 _gy-gencatlg |
||
| 942 |
_2ddc _cBK |
||
| 999 |
_c3556 _d3556 |
||